Vocabulaire médiéval (4) - Statistiques

Statistiques générales
  • Ce quiz a été pris 53 fois
  • Le résultat moyen est 9 sur 20
Statistiques - réponses
Hint Réponse % Correct
Dîme Impôt de l'Eglise
85%
Avoir coeur de lièvre Etre lâche
79%
Fillot Fils
76%
S'accoisser Se taire
76%
Vitement Rapidement
68%
Arder Bruler
65%
Ajour Ouverture
53%
Cottes Tunique
50%
Conchier Souiller
44%
Pastourelle Type de chanson
44%
Bailler Donner
35%
Vigier Juge
35%
Clicaille Monnaie
32%
Truffe Mensonge
26%
Brassier Ouvrier agricole
26%
Essart Terre défrichée
24%
Charmogne Sortilège
18%
Indiciaire Chroniqueur
15%
Faide Vengeance privée
15%
Escorge Fouet
12%
Aucun quiz correspondant
Distribution des résultats
% des personnes avec chaque résultat
Percentile par nombre de réponses
Votre historique - résultats
Vous n’avez pas pris ce quiz